000 00244nam a2200109Ia 4500
008 200302s9999 xx 000 0 und d
100 _aNecola Kearton
245 _aPublic Art
260 _bAcademy Group Ltd.
260 _c1996
300 _a95 P.,
999 _c2036
_d2036